000 00530nam a22001817a 4500
005 20251108165243.0
008 250721s1992 xx 000 0 ara d
082 1 4 _a613.7/أسا
100 1 _aرياض، أسامه
245 1 0 _aكيف تصلح عيوب جسمك /
264 1 _aالقاهرة :
_bدار أخبار اليوم،
_c1992.
300 _a135ص
490 0 _aكتاب اليوم الطبي
650 1 7 _aالطب الرياضي
650 1 7 _aاللياقة البدنية
942 _2ddc
_cBK
999 _c23334
_d23334